Places mentioned in I've Been Everywhere by Johnny Cash - Statistics

General Stats
  • This quiz has been taken 48 times
  • The average score is 24 of 91
Answer Stats
Hint Answer % Correct
City Chicago
92%
City Reno
73%
State Minnesota
69%
State Oklahoma
69%
City Ottawa
62%
City Toronto
62%
City Buffalo
58%
City Fargo
58%
City Sarasota
58%
City Nashville
54%
City Tulsa
54%
City Wichita
54%
City Boston
50%
City Winslow
50%
City Amarillo
42%
City Baltimore
42%
City Charleston
42%
City Louisville
42%
Road Winnemucca
42%
State Louisiana
38%
City Tampa
38%
City Dayton
35%
City Houston
35%
City La Paloma
35%
Country Panama
35%
City Texarkana
35%
State Washington
35%
State Alaska
31%
City Bangor
31%
City Little Rock
31%
State Nebraska
31%
Lake Devils Lake
27%
City Faraday
27%
City Kansas City
27%
City Knoxville
27%
City Santa Fe
27%
Desert Black Rock
23%
State Colorado
23%
Lake Crater Lake
23%
City Dodge City
23%
City Kingston
23%
City Mattawa
23%
City Monterey
23%
City Sioux City
23%
City Tallapoosa
23%
State Tennessee
23%
City Baranquilla
19%
City Cadillac
19%
Country Costa Rica
19%
City Davenport
19%
City Glen Rock
19%
City Jacksonville
19%
City Pittsburgh
19%
City Salvador
19%
City Spirit Lake
19%
Country Argentina
15%
City Chicopee
15%
City Fond du Lac
15%
City Grand Lake
15%
State Idaho
15%
City Oskaloosa
15%
City Shreveport
15%
City Cedar City
12%
City Hackensack
12%
City Ombabika
12%
City Pasadena
12%
City Perdilla
12%
City Pittsfield
12%
City Springfield
12%
City Waterloo
12%
City Bakersfield
8%
City Chaska
8%
City El Dorado
8%
City Ellensburg
8%
City Gravelburg
8%
City Kalamazoo
8%
City Larimore
8%
City Opelika
8%
City Parkersburg
8%
City Rexburg
8%
City Schefferville
8%
City Tocapillo
8%
City Vicksburg
8%
City Waterville
8%
City Atmore
4%
Island Catalina
4%
City Chatanika
4%
City Diamantina
4%
City Haverstraw
4%
City Jellico
4%
City Barbaroo
0%
No matching quizzes found
Score Distribution
Percent of People with Each Score
Percentile by Number Answered
Your Score History
You have not taken this quiz